Przedmioty Szkolne - Statystyki

Ogólne statystyki
  • Ten quiz został rozwiązany 16 818 razy
  • Średni wynik to 12 z 15
Statystyki odpowiedzi
Hint Odpowiedź % Poprawnych
zawsze Język Polski
100%
zawsze Matematyka
99%
od gimnazjum Chemia
96%
zawsze/od 4 klasy Język Angielski
96%
od gimnazjum Biologia
94%
od gimnazjum Fizyka
94%
zawsze W-f
94%
od 4 kl/od gimnazujum Język Niemiecki
87%
od gimnazjum Geografia
85%
od 4 kl. Historia
83%
podstawówka Przyroda
83%
od gimnazjum WoS
75%
zawsze Informatyka
63%
od gimnazjum Język Francuski
28%
zawsze Religia / etyka
6%
Nie znaleziono quizów pasujących do podanych kryteriów
Rozkład punktacji
Procent ludzi z każdym wynikiem
Percentyl według liczby udzielonych odpowiedzi
Twoja historia wyników
Nie rozwiązałeś tego quizu